| 000 | 00513nam a2200193 a 4500 | ||
|---|---|---|---|
| 001 | 1773127631583 | ||
| 003 | YourLibrary | ||
| 005 | 20260310125916.0 | ||
| 008 | 260310s2009##################000#0#eng## | ||
| 020 | _a9780199532568 | ||
| 082 | 0 | 4 |
_a362.282094 _bGOE |
| 100 | 1 |
_aGoeschel, Christian, _eauthor. |
|
| 245 | 1 | 0 | _aSuicide in Nazi Germany : |
| 260 |
_bOxford University Press, USA, _c2009. |
||
| 300 | _a272 pages | ||
| 650 | 0 | _aHistory. | |
| 942 | _cENGLISH | ||
| 040 |
_aYourLibrary _beng _cYourLibrary |
||
| 999 |
_c617410 _d617410 |
||